[Event "4NCL Division 2c"]
[Site "Puma Hotel, Hinckley Island EN"]
[Date "2013.05.06"]
[Round "11.14"]
[White "Eckersley-Waites, Tom"]
[Black "Okike, David C"]
[Result "1-0"]
[WhiteElo "2261"]
[BlackElo "2160"]
[PlyCount "121"]
[EventDate "2013.05.06"]
[WhiteTeam "Oxford 1"]
[BlackTeam "Kings Head"]

1. e4 c5 2. Nf3 Nc6 3. d4 cxd4 4. Nxd4 Nf6 5. Nc3 d6 6. Bc4 Bd7 7. O-O g6 8.
Re1 Bg7 9. h3 O-O 10. Be3 a6 11. Nd5 b5 12. Nxc6 Bxc6 13. Bb3 Rb8 14. Nxf6+
Bxf6 15. Bd4 Bxd4 16. Qxd4 Qb6 17. Qd2 a5 18. Bd5 Rbc8 19. c3 a4 20. a3 Bxd5
21. exd5 Rc7 22. Re4 f6 23. Rae1 Qb7 24. h4 Rf7 25. R1e3 Rc5 26. Rd4 Kg7 27.
Kf1 Kf8 28. h5 g5 29. Qd3 Ke8 30. h6 Qd7 31. Kg1 Kf8 32. Rg3 Qa7 33. Kh2 Qb7
34. Rgg4 Qd7 35. f3 Kg8 36. Rg3 Kh8 37. f4 gxf4 38. Rxf4 f5 39. Rg5 e6 40. Qg3
Rc8 41. Kg1 e5 42. Rfxf5 Rcf8 43. Rxf7 Qxf7 44. Rf5 Qa7+ 45. Rf2 Qxf2+ 46. Qxf2
Rxf2 47. Kxf2 Kg8 48. Ke3 Kf7 49. Kd3 Kg6 50. c4 bxc4+ 51. Kxc4 Kf5 52. b4 axb3
53. Kxb3 Kf4 54. Kc2 Ke3 55. g4 e4 56. g5 Kf2 57. g6 e3 58. gxh7 e2 59. h8=Q
e1=Q 60. Qd4+ Kg3 61. Qc3+ 1-0

[Event "4NCL Division 2c"]
[Site "Puma Hotel, Hinckley Island EN"]
[Date "2013.05.06"]
[Round "11.15"]
[White "Haria, Ravi"]
[Black "Smallbone, Kieran D"]
[Result "1/2-1/2"]
[WhiteElo "2076"]
[BlackElo "2211"]
[PlyCount "82"]
[EventDate "2013.05.06"]
[WhiteTeam "Kings Head"]
[BlackTeam "Oxford 1"]

1. e4 c6 2. d4 d5 3. e5 Bf5 4. Nf3 e6 5. Be2 Nd7 6. O-O h6 7. Nbd2 Ne7 8. Nb3
Nc8 9. a4 Be7 10. a5 a6 11. Ne1 c5 12. Nxc5 Nxc5 13. dxc5 Bxc5 14. Nd3 Be7 15.
Nf4 Na7 16. Bd3 Bxd3 17. Qxd3 Nc6 18. Qg3 g6 19. c4 Bh4 20. Qb3 dxc4 21. Qxc4
Nxe5 22. Qe4 Bf6 23. Be3 O-O 24. Bc5 Re8 25. Qxb7 Qc8 26. Qxc8 Rexc8 27. b4 Nd7
28. Rac1 Nxc5 29. Rxc5 Rxc5 30. bxc5 Rd8 31. c6 Bc3 32. g3 Bxa5 33. Ra1 Bc7 34.
Rxa6 Bxf4 35. gxf4 Rd1+ 36. Kg2 Rc1 37. Kf3 Kg7 38. Ke4 Kf6 39. Rb6 Rc4+ 40.
Kd3 Rc1 41. Ke4 Rc4+ 1/2-1/2

[Event "4NCL Division 2c"]
[Site "Puma Hotel, Hinckley Island EN"]
[Date "2013.05.06"]
[Round "11.16"]
[White "Dickinson, Tim R"]
[Black "Thomas, Rik H"]
[Result "1/2-1/2"]
[WhiteElo "2134"]
[BlackElo "2183"]
[PlyCount "31"]
[EventDate "2013.05.06"]
[WhiteTeam "Oxford 1"]
[BlackTeam "Kings Head"]

1. d4 Nf6 2. Nf3 d5 3. c4 c6 4. Nc3 dxc4 5. a4 Bf5 6. e3 e6 7. Bxc4 Bb4 8. O-O
Nbd7 9. Qe2 Ne4 10. Nxe4 Bxe4 11. Bd2 Bxd2 12. Nxd2 Bg6 13. f4 h5 14. Nf3 Nf6
15. Ne5 Bf5 16. Bd3 1/2-1/2

[Event "4NCL Division 2c"]
[Site "Puma Hotel, Hinckley Island EN"]
[Date "2013.05.06"]
[Round "11.17"]
[White "Guthrie, David W"]
[Black "Rawlinson, Aidan M"]
[Result "1-0"]
[WhiteElo "2170"]
[BlackElo "2171"]
[PlyCount "79"]
[EventDate "2013.05.06"]
[WhiteTeam "Kings Head"]
[BlackTeam "Oxford 1"]

1. d4 g6 2. c4 Bg7 3. e4 d6 4. Nc3 Nf6 5. Nf3 O-O 6. Be2 e5 7. O-O Nc6 8. d5
Ne7 9. b4 Nh5 10. Re1 f5 11. Ng5 Nf6 12. Bf3 c6 13. Bb2 cxd5 14. cxd5 h6 15.
Ne6 Bxe6 16. dxe6 fxe4 17. Nxe4 Nxe4 18. Rxe4 d5 19. Rxe5 Bxe5 20. Bxe5 Qb6 21.
Bb2 Qxe6 22. Qd4 Nf5 23. Qh8+ Kf7 24. Qh7+ Ke8 25. Qxb7 Rd8 26. Qxa7 Rf7 27.
Qa4+ Kf8 28. b5 d4 29. Qb4+ Kg8 30. Re1 Qxa2 31. b6 d3 32. b7 d2 33. Rd1 Re7
34. g3 Re1+ 35. Kg2 Rxd1 36. b8=Q Rg1+ 37. Kxg1 Qb1+ 38. Kg2 Nh4+ 39. gxh4 Qf5
40. Qxd8+ 1-0

[Event "4NCL Division 2c"]
[Site "Puma Hotel, Hinckley Island EN"]
[Date "2013.05.06"]
[Round "11.18"]
[White "Foster, Chantelle L"]
[Black "Wittmann, Jochen"]
[Result "1/2-1/2"]
[WhiteElo "1867"]
[BlackElo "2176"]
[PlyCount "51"]
[EventDate "2013.05.06"]
[WhiteTeam "Oxford 1"]
[BlackTeam "Kings Head"]

1. e4 e5 2. Nf3 Nc6 3. Bb5 f5 4. Nc3 fxe4 5. Nxe4 d5 6. Nxe5 dxe4 7. Nxc6 Qd5
8. c4 Qd6 9. Nxa7+ Bd7 10. Bxd7+ Qxd7 11. Qh5+ Kd8 12. Nb5 Nf6 13. Qe2 Bc5 14.
O-O Ng4 15. Qxe4 c6 16. d4 Re8 17. Qf3 Rf8 18. Qg3 Bb4 19. Bg5+ Kc8 20. a3 Ba5
21. Nd6+ Kb8 22. Nb5+ Kc8 23. Nd6+ Kb8 24. c5 h6 25. Nb5+ Kc8 26. Nd6+ 1/2-1/2

[Event "4NCL Division 2c"]
[Site "Puma Hotel, Hinckley Island EN"]
[Date "2013.05.06"]
[Round "11.21"]
[White "Ashton, Adam G"]
[Black "Polaczek, Richard"]
[Result "1/2-1/2"]
[WhiteElo "2367"]
[BlackElo "2396"]
[PlyCount "30"]
[EventDate "2013.05.06"]
[WhiteTeam "3Cs 1"]
[BlackTeam "Pandora's Box Grantham"]

1. e4 e6 2. d4 d5 3. Nc3 Nf6 4. Bg5 Be7 5. e5 Nfd7 6. h4 Nc6 7. Bxe7 Qxe7 8.
Qd2 Nb6 9. O-O-O Bd7 10. h5 h6 11. f4 O-O-O 12. Nf3 Kb8 13. g3 Rc8 14. Kb1 Qb4
15. a3 Qf8 1/2-1/2

[Event "4NCL Division 2c"]
[Site "Puma Hotel, Hinckley Island EN"]
[Date "2013.05.06"]
[Round "11.22"]
[White "Slaby, Jerzy"]
[Black "Longson, Alexander"]
[Result "1-0"]
[WhiteElo "2476"]
[BlackElo "2273"]
[PlyCount "109"]
[EventDate "2013.05.06"]
[WhiteTeam "Pandora's Box Grantham"]
[BlackTeam "3Cs 1"]

1. g3 d5 2. Bg2 Nf6 3. Nf3 Bf5 4. c4 c6 5. cxd5 cxd5 6. Qb3 Qb6 7. Qxb6 axb6 8.
Nc3 Nc6 9. d3 e6 10. O-O h6 11. Nb5 Kd7 12. Bf4 Be7 13. Rfc1 Rhc8 14. h3 Bh7
15. a4 Ne8 16. e4 Nf6 17. Rd1 g5 18. Be3 Bc5 19. d4 Be7 20. exd5 Nxd5 21. Ne5+
Ke8 22. Nc4 Ncb4 23. Nbd6+ Bxd6 24. Nxd6+ Ke7 25. Nxc8+ Rxc8 26. Bd2 Nd3 27.
Bxd5 exd5 28. Bc3 Kd7 29. Rd2 Re8 30. Kf1 Bf5 31. g4 Bg6 32. Re2 Ra8 33. Ra3 f5
34. Bd2 f4 35. Kg1 h5 36. f3 h4 37. Kg2 Rc8 38. Rc3 Rc4 39. Rxc4 dxc4 40. Bc3
Bf7 41. d5 Bxd5 42. Bf6 Kc6 43. Bxg5 b5 44. axb5+ Kxb5 45. Bxh4 Kb4 46. Bf6 Kb3
47. h4 b5 48. h5 b4 49. h6 Bg8 50. g5 Bh7 51. Re7 Bf5 52. h7 Bxh7 53. Rxh7 Nxb2
54. Bxb2 Kxb2 55. Rc7 1-0

[Event "4NCL Division 2c"]
[Site "Puma Hotel, Hinckley Island EN"]
[Date "2013.05.06"]
[Round "11.23"]
[White "Bentley, John L"]
[Black "Crouch, Colin S"]
[Result "1/2-1/2"]
[WhiteElo "2212"]
[BlackElo "2388"]
[PlyCount "31"]
[EventDate "2013.05.06"]
[WhiteTeam "3Cs 1"]
[BlackTeam "Pandora's Box Grantham"]

1. d4 d5 2. c4 c6 3. Nf3 Nf6 4. Nc3 a6 5. e3 b5 6. b3 e6 7. Bd3 Bb4 8. Bd2 O-O
9. O-O bxc4 10. bxc4 dxc4 11. Bxc4 c5 12. Na4 Bxd2 13. Qxd2 cxd4 14. Qxd4 Qa5
15. Bb3 Nc6 16. Qb6 1/2-1/2

[Event "4NCL Division 2c"]
[Site "Puma Hotel, Hinckley Island EN"]
[Date "2013.05.06"]
[Round "11.24"]
[White "Batchelor, Peter J"]
[Black "House, Glenn L"]
[Result "1/2-1/2"]
[WhiteElo "2132"]
[BlackElo "2228"]
[PlyCount "77"]
[EventDate "2013.05.06"]
[WhiteTeam "Pandora's Box Grantham"]
[BlackTeam "3Cs 1"]

1. d4 Nf6 2. Bg5 g6 3. Bxf6 exf6 4. e3 Bg7 5. h4 c5 6. c3 O-O 7. dxc5 Na6 8.
Bxa6 bxa6 9. Nf3 Rb8 10. Nbd2 a5 11. h5 Rxb2 12. Nc4 Rb8 13. hxg6 hxg6 14. Qd6
Bb7 15. Qh2 Re8 16. Nd6 Bxf3 17. Nxe8 Qxe8 18. gxf3 f5 19. O-O Rc8 20. Rab1 Be5
21. Qh4 Rxc5 22. Kg2 Qc8 23. f4 Bg7 24. Rfd1 Rxc3 25. Rd5 Qe8 26. Rbd1 Rc7 27.
Qg3 a4 28. Ra5 Qe4+ 29. Qf3 Qc2 30. Qd5 Bf8 31. Ra6 Rc6 32. Rxa7 Qe2 33. Qxd7
Qg4+ 34. Kf1 Qh3+ 35. Ke1 Bb4+ 36. Ke2 Qg4+ 37. Kf1 Qh3+ 38. Kg1 Qg4+ 39. Kf1
1/2-1/2

[Event "4NCL Division 2c"]
[Site "Puma Hotel, Hinckley Island EN"]
[Date "2013.05.06"]
[Round "11.25"]
[White "Walton, Alan J"]
[Black "Ross, Chris N"]
[Result "1/2-1/2"]
[WhiteElo "2142"]
[BlackElo "2247"]
[PlyCount "94"]
[EventDate "2013.05.06"]
[WhiteTeam "3Cs 1"]
[BlackTeam "Pandora's Box Grantham"]

1. d4 Nf6 2. Bg5 e6 3. e4 h6 4. Bxf6 Qxf6 5. Nc3 Bb4 6. Qd2 c5 7. a3 Bxc3 8.
bxc3 d6 9. Bb5+ Bd7 10. Bxd7+ Nxd7 11. Ne2 Qg6 12. Ng3 Nf6 13. f3 O-O 14. O-O
Rac8 15. Rab1 b6 16. d5 exd5 17. exd5 c4 18. Rfe1 Rfe8 19. Rxe8+ Rxe8 20. Rb4
Rc8 21. Qe2 Qg5 22. Rxc4 Qc1+ 23. Nf1 Rxc4 24. Qxc4 Qxc2 25. Qc6 Qd3 26. Qxd6
Nxd5 27. Qb8+ Kh7 28. Qxa7 Qxc3 29. Qxf7 Qc5+ 30. Kh1 Ne3 31. Qb3 Nxf1 32. Qd3+
Kg8 33. Qxf1 Qxa3 34. Qc4+ Kh7 35. Qe4+ Kg8 36. Qe6+ Kh7 37. Qxb6 Qc1+ 38. Qg1
Qf4 39. Qf1 h5 40. g3 Qd2 41. Kg1 g6 42. Qf2 Qc1+ 43. Kg2 Kh6 44. Qe2 Kg7 45.
Qe5+ Kh7 46. Qe7+ Kg8 47. Qe8+ Kg7 1/2-1/2

[Event "4NCL Division 2c"]
[Site "Puma Hotel, Hinckley Island EN"]
[Date "2013.05.06"]
[Round "11.26"]
[White "Capuzzo, Marcos"]
[Black "Horton, Andrew P"]
[Result "1/2-1/2"]
[WhiteElo "2229"]
[BlackElo "2015"]
[PlyCount "62"]
[EventDate "2013.05.06"]
[WhiteTeam "Pandora's Box Grantham"]
[BlackTeam "3Cs 1"]

1. e4 e5 2. Nf3 Nc6 3. Bc4 Bc5 4. O-O Nf6 5. d4 Bxd4 6. Nxd4 Nxd4 7. Bg5 d6 8.
f4 Qe7 9. fxe5 dxe5 10. Bxf6 gxf6 11. c3 Ne6 12. Kh1 Bd7 13. Na3 O-O-O 14. Qf3
Ng5 15. Qe3 Kb8 16. Bd5 Rhg8 17. Rad1 c6 18. Bb3 Be6 19. Nc4 Rxd1 20. Rxd1 Rd8
21. Rxd8+ Qxd8 22. h4 Bxc4 23. Bxc4 Ne6 24. Qh6 Nf4 25. Qxh7 Qd1+ 26. Kh2 Qg4
27. Bf1 Nh5 28. Qxf7 Qf4+ 29. Kg1 Qe3+ 30. Kh2 Qf4+ 31. Kg1 Qe3+ 1/2-1/2

[Event "4NCL Division 2c"]
[Site "Puma Hotel, Hinckley Island EN"]
[Date "2013.05.06"]
[Round "11.27"]
[White "Burton, Graham P"]
[Black "Burrows, Martin P"]
[Result "1/2-1/2"]
[WhiteElo "2052"]
[BlackElo "2144"]
[PlyCount "91"]
[EventDate "2013.05.06"]
[WhiteTeam "3Cs 1"]
[BlackTeam "Pandora's Box Grantham"]

1. e4 c5 2. Nf3 d6 3. d4 cxd4 4. Nxd4 Nf6 5. Nc3 a6 6. Bc4 e6 7. Bb3 Nbd7 8.
O-O Nc5 9. Re1 Be7 10. Bg5 O-O 11. f4 Nfd7 12. Bxe7 Qxe7 13. Qf3 b5 14. Nc6 Qf6
15. Rad1 Bb7 16. Rxd6 Rac8 17. Nd5 Qxb2 18. Nde7+ Kh8 19. Nxc8 Rxc8 20. Na5 Ba8
21. Red1 Rc7 22. Qh5 Kg8 23. Bxe6 Nxe6 24. Rxd7 g6 25. Qe5 Rxd7 26. Qxb2 Rxd1+
27. Kf2 Bxe4 28. Nb3 h5 29. Qe5 Bxc2 30. Qb8+ Kg7 31. Qc8 Bxb3 32. axb3 Rd6 33.
g3 Kf6 34. Qc3+ Ke7 35. Ke3 Kd7 36. Qe5 Nd4 37. Qg7 Ke7 38. Qh8 Nxb3 39. f5 Nd4
40. fxg6 fxg6 41. Qg7+ Kd8 42. Qf8+ Kc7 43. Qe7+ Rd7 44. Qe5+ Rd6 45. Qe7+ Rd7
46. Qe5+ 1/2-1/2

[Event "4NCL Division 2c"]
[Site "Puma Hotel, Hinckley Island EN"]
[Date "2013.05.06"]
[Round "11.28"]
[White "Mangione, Claudio"]
[Black "Horton, Jamie A"]
[Result "1/2-1/2"]
[WhiteElo "2110"]
[BlackElo "1983"]
[PlyCount "80"]
[EventDate "2013.05.06"]
[WhiteTeam "Pandora's Box Grantham"]
[BlackTeam "3Cs 1"]

1. c4 c5 2. g3 g6 3. Bg2 Bg7 4. Nc3 Nc6 5. Nf3 e5 6. O-O Nge7 7. a3 O-O 8. Rb1
a5 9. Ne1 d6 10. Nc2 Be6 11. Ne3 Rb8 12. d3 Qd7 13. Ned5 Kh8 14. b4 axb4 15.
axb4 cxb4 16. Nxb4 Nxb4 17. Rxb4 d5 18. cxd5 Nxd5 19. Nxd5 Bxd5 20. Be3 b5 21.
Bxd5 Qxd5 22. Qb3 Rfd8 23. Rb1 Qxb3 24. R4xb3 Rd5 25. g4 Bf8 26. g5 h6 27. h4
hxg5 28. hxg5 Kg7 29. Kg2 b4 30. Kf3 Be7 31. Ke4 Ra5 32. Bd2 Rab5 33. Ra1 R8b7
34. Ra8 Bc5 35. f4 exf4 36. Bxf4 Be7 37. Be5+ f6 38. gxf6+ Bxf6 39. Bxf6+ Kxf6
40. d4 g5 1/2-1/2

[Event "4NCL Division 2c"]
[Site "Puma Hotel, Hinckley Island EN"]
[Date "2013.05.06"]
[Round "11.31"]
[White "Townsend, M Paul"]
[Black "Lindner, Daniel"]
[Result "1-0"]
[WhiteElo "2234"]
[BlackElo "2202"]
[PlyCount "75"]
[EventDate "2013.05.06"]
[WhiteTeam "White Rose 2"]
[BlackTeam "Anglian Avengers 1"]

1. d4 Nf6 2. c4 g6 3. Nc3 Bg7 4. e4 O-O 5. Nf3 d6 6. Be2 e5 7. O-O Nc6 8. d5
Ne7 9. Ne1 Nd7 10. Be3 f5 11. f3 f4 12. Bf2 g5 13. Rc1 Ng6 14. Nb5 Nf6 15. c5
g4 16. cxd6 cxd6 17. Nc7 g3 18. Nxa8 Nh5 19. Kh1 gxf2 20. Rxf2 Bd7 21. Nc7 Bf6
22. Bf1 Bh4 23. Rfc2 Rf6 24. Ne6 Qb6 25. Rc7 Nf8 26. Qb3 Qf2 27. Nd3 Qe3 28.
Ndxf4 exf4 29. Qxe3 fxe3 30. Nxf8 Bf2 31. g4 Rxf8 32. gxh5 Be8 33. Rc8 Kg7 34.
Be2 Rg8 35. Rd8 Bxh5 36. Rc7+ Bf7 37. Rxg8+ Kxg8 38. Rxb7 1-0

[Event "4NCL Division 2c"]
[Site "Puma Hotel, Hinckley Island EN"]
[Date "2013.05.06"]
[Round "11.32"]
[White "Merry, Alan B"]
[Black "Adams, David M"]
[Result "1-0"]
[WhiteElo "2233"]
[BlackElo "2216"]
[PlyCount "63"]
[EventDate "2013.05.06"]
[WhiteTeam "Anglian Avengers 1"]
[BlackTeam "White Rose 2"]

1. d4 Nf6 2. c4 Nc6 3. Nf3 e6 4. a3 d6 5. Nc3 Be7 6. g3 e5 7. Bg2 Bg4 8. d5 Nb8
9. h3 Bxf3 10. exf3 Nbd7 11. O-O O-O 12. f4 a5 13. b3 exf4 14. Bxf4 Nc5 15. Rb1
Nfd7 16. b4 axb4 17. axb4 Na6 18. Be3 Re8 19. f4 f5 20. Nb5 Bf6 21. Bf2 Nf8 22.
c5 dxc5 23. bxc5 Qd7 24. d6 c6 25. Nc7 Nxc7 26. Rxb7 Nfe6 27. dxc7 Nd4 28. Kh1
Rac8 29. Bxd4 Qxd4 30. Qxd4 Bxd4 31. Bxc6 Re7 32. Rd1 1-0

[Event "4NCL Division 2c"]
[Site "Puma Hotel, Hinckley Island EN"]
[Date "2013.05.06"]
[Round "11.33"]
[White "Gayson, Peter M"]
[Black "Player, Edmund C"]
[Result "0-1"]
[WhiteElo "2215"]
[BlackElo "2237"]
[PlyCount "90"]
[EventDate "2013.05.06"]
[WhiteTeam "White Rose 2"]
[BlackTeam "Anglian Avengers 1"]

1. e4 e6 2. d4 d5 3. Nd2 Be7 4. exd5 exd5 5. Ngf3 Nf6 6. Bd3 Bg4 7. h3 Bh5 8.
O-O O-O 9. Re1 Nbd7 10. Nf1 c5 11. Ng3 Bg6 12. Nf5 Ne4 13. Nxe7+ Qxe7 14. Nd2
f5 15. c4 Qh4 16. Rf1 cxd4 17. cxd5 Qf6 18. Nf3 Bh5 19. Be2 Bxf3 20. Bxf3 Ne5
21. Bf4 Rfd8 22. Bxe5 Qxe5 23. Re1 Qxd5 24. Qd3 Re8 25. Rad1 Rad8 26. g4 g6 27.
Re2 Re5 28. Rde1 Rde8 29. Rd1 Kg7 30. Qxd4 Qxd4 31. Rxd4 Ng5 32. Rd7+ Kh6 33.
Rxe5 Nxf3+ 34. Kf1 Nxe5 35. Rxb7 fxg4 36. hxg4 Nc6 37. Rc7 Re6 38. f4 Nd4 39.
g5+ Kh5 40. Rxh7+ Kg4 41. Rxa7 Kxf4 42. a4 Kg3 43. Rd7 Nf3 44. Rd1 Nh2+ 45. Kg1
Re2 0-1

[Event "4NCL Division 2c"]
[Site "Puma Hotel, Hinckley Island EN"]
[Date "2013.05.06"]
[Round "11.34"]
[White "Spence, David J"]
[Black "Arnott, Jonathan W"]
[Result "1-0"]
[WhiteElo "2232"]
[BlackElo "2188"]
[PlyCount "61"]
[EventDate "2013.05.06"]
[WhiteTeam "Anglian Avengers 1"]
[BlackTeam "White Rose 2"]

1. e4 e6 2. d4 d5 3. Nc3 Nf6 4. e5 Nfd7 5. f4 c5 6. Nf3 Nc6 7. Be3 Be7 8. dxc5
Bxc5 9. Qd2 O-O 10. O-O-O Qa5 11. Bxc5 Nxc5 12. Kb1 Rb8 13. Nd4 f6 14. exf6
gxf6 15. Nf3 Rf7 16. Bd3 b5 17. Qe3 b4 18. Ne2 Rb6 19. Nfd4 Nxd3 20. Rxd3 Nxd4
21. Qxd4 Ba6 22. Rg3+ Kf8 23. Nc1 Rc6 24. Nb3 Qa4 25. f5 Bc4 26. fxe6 Rxe6 27.
Qg4 Re2 28. Qc8+ Ke7 29. Qb8 Bxb3 30. axb3 Ke6 31. bxa4 1-0

[Event "4NCL Division 2c"]
[Site "Puma Hotel, Hinckley Island EN"]
[Date "2013.05.06"]
[Round "11.35"]
[White "Weller, Jean-Luc"]
[Black "Talsma, Paul A"]
[Result "0-1"]
[WhiteElo "2176"]
[BlackElo "2185"]
[PlyCount "71"]
[EventDate "2013.05.06"]
[WhiteTeam "White Rose 2"]
[BlackTeam "Anglian Avengers 1"]

1. d4 f5 2. g3 Nf6 3. Bg2 g6 4. Nf3 Bg7 5. O-O O-O 6. c4 d6 7. b3 Na6 8. Bb2 c6
9. Re1 Rb8 10. Nbd2 Ne4 11. Nxe4 fxe4 12. Nd2 d5 13. f3 e3 14. Nf1 dxc4 15.
Nxe3 b5 16. bxc4 bxc4 17. Bc3 c5 18. Nc2 Nb4 19. Rb1 Nxc2 20. Qxc2 Rxb1 21.
Rxb1 cxd4 22. Bb4 c3 23. f4 Bf6 24. Be4 Kh8 25. h4 Bf5 26. Bxf5 gxf5 27. Qxf5
Qc8 28. Qe4 Qg4 29. Kf2 Rg8 30. Rg1 e5 31. Qf3 exf4 32. Qxg4 Rxg4 33. Ba3 Rxg3
34. Rb1 Bxh4 35. Kf1 c2 36. Ra1 0-1

[Event "4NCL Division 2c"]
[Site "Puma Hotel, Hinckley Island EN"]
[Date "2013.05.06"]
[Round "11.36"]
[White "Taylor, Adam C"]
[Black "Weller, Pierre"]
[Result "1/2-1/2"]
[WhiteElo "1954"]
[BlackElo "2124"]
[PlyCount "70"]
[EventDate "2013.05.06"]
[WhiteTeam "Anglian Avengers 1"]
[BlackTeam "White Rose 2"]

1. c4 Nf6 2. g3 c5 3. Bg2 e6 4. Nf3 b6 5. Ne5 d5 6. d4 cxd4 7. Qa4+ Bd7 8. Nxd7
Qxd7 9. Qxd7+ Nbxd7 10. cxd5 Nxd5 11. Bxd5 exd5 12. O-O Be7 13. Nd2 Bf6 14. Nf3
Nc5 15. Rd1 Ne6 16. Bf4 O-O 17. Rac1 Nxf4 18. gxf4 Rfe8 19. Kf1 Re4 20. Rc7
Rxf4 21. Rd7 g6 22. Rxd5 Rd8 23. Rxd8+ Bxd8 24. Rxd4 Rxd4 25. Nxd4 Bc7 26. Kg2
a6 27. a4 Kg7 28. e3 Kf6 29. f4 Ke7 30. b4 Kd6 31. e4 Bd8 32. Kf3 Bh4 33. Ke3
Be1 34. Nc2 Bh4 35. Nd4 Be1 1/2-1/2

[Event "4NCL Division 2c"]
[Site "Puma Hotel, Hinckley Island EN"]
[Date "2013.05.06"]
[Round "11.37"]
[White "Shaw, Peter"]
[Black "Tozer, Philip AA"]
[Result "0-1"]
[WhiteElo "2151"]
[BlackElo "2165"]
[PlyCount "62"]
[EventDate "2013.05.06"]
[WhiteTeam "White Rose 2"]
[BlackTeam "Anglian Avengers 1"]

1. d4 e6 2. c4 Nf6 3. Nc3 Bb4 4. Qc2 O-O 5. a3 Bxc3+ 6. Qxc3 d5 7. Bg5 c5 8.
dxc5 d4 9. Qc2 e5 10. Nf3 Re8 11. e3 Nbd7 12. b4 a5 13. Rd1 axb4 14. axb4 h6
15. Bxf6 Qxf6 16. Bd3 dxe3 17. fxe3 e4 18. Bxe4 Qe6 19. Bh7+ Kh8 20. O-O g6 21.
Nd4 Qxe3+ 22. Kh1 Ne5 23. Nb5 Bf5 24. Rxf5 gxf5 25. Bxf5 Ng4 26. Rf1 Nf2+ 27.
Kg1 Nh3+ 28. Kh1 Ra1 29. Qb2+ Kg8 30. Qxa1 Qg1+ 31. Rxg1 Nf2# 0-1

[Event "4NCL Division 2c"]
[Site "Puma Hotel, Hinckley Island EN"]
[Date "2013.05.06"]
[Round "11.38"]
[White "Munson, Shaun D"]
[Black "Burnett, Jim"]
[Result "1-0"]
[WhiteElo "2177"]
[BlackElo "2143"]
[PlyCount "95"]
[EventDate "2013.05.06"]
[WhiteTeam "Anglian Avengers 1"]
[BlackTeam "White Rose 2"]

1. d4 d5 2. Bg5 h6 3. Bh4 c6 4. Nc3 Bf5 5. e3 Nd7 6. Bd3 Bxd3 7. cxd3 Qb6 8.
Nge2 e6 9. O-O Be7 10. Bg3 Ngf6 11. Qc2 O-O 12. Rab1 Nh5 13. Be5 Nxe5 14. dxe5
g6 15. d4 Rfc8 16. b4 Qd8 17. Rfc1 Ng7 18. Nf4 Nf5 19. Nd3 b6 20. Na4 Qd7 21.
Qb3 Rc7 22. Rc3 Rac8 23. Rbc1 Bd8 24. Qc2 h5 25. Nab2 Kg7 26. a4 Be7 27. a5 b5
28. Nc5 Bxc5 29. Rxc5 a6 30. Nd3 Qe8 31. Rc3 Ne7 32. Nc5 Ra7 33. Qe2 Kh7 34.
Qf3 Qf8 35. h3 Qg7 36. Qf4 g5 37. Qf3 Qg6 38. e4 Rf8 39. Qe2 f5 40. exf6 Rxf6
41. Re3 Ra8 42. Nd7 Rf4 43. Ne5 Qe8 44. exd5 Nxd5 45. Rg3 Rf5 46. Rxc6 Nxb4 47.
Rc7+ Kh6 48. h4 1-0

[Event "4NCL Division 2c"]
[Site "Puma Hotel, Hinckley Island EN"]
[Date "2013.05.06"]
[Round "11.41"]
[White "Rudd, Jack"]
[Black "Yeo, Michael J"]
[Result "1-0"]
[WhiteElo "2285"]
[BlackElo "2155"]
[PlyCount "67"]
[EventDate "2013.05.06"]
[WhiteTeam "Bristol 1"]
[BlackTeam "Wessex"]

1. Nc3 Nf6 2. e4 e5 3. f4 d5 4. fxe5 Nxe4 5. Nf3 Bc5 6. Qe2 Bf2+ 7. Kd1 Nxc3+
8. bxc3 Bc5 9. d4 Be7 10. Qe1 Bf5 11. Qg3 g6 12. h4 Qd7 13. h5 Nc6 14. hxg6
Bxg6 15. e6 Qxe6 16. Qxc7 O-O 17. Bd3 Bd6 18. Qxb7 Rac8 19. Qb5 Bg3 20. Rh3 Rb8
21. Qa4 Bf2 22. Bf4 Rfe8 23. Bxb8 Bxd3 24. Ne5 Nxe5 25. Bxe5 Qg4+ 26. Kc1 Rxe5
27. Rxd3 Re6 28. Qxa7 Qg6 29. Rb1 Ra6 30. Rb8+ Kg7 31. Qc5 Qxg2 32. Qf8+ Kf6
33. Qh6+ Qg6 34. Rf3+ 1-0

[Event "4NCL Division 2c"]
[Site "Puma Hotel, Hinckley Island EN"]
[Date "2013.05.06"]
[Round "11.42"]
[White "Lock, Gavin R"]
[Black "Beaumont, Chris R"]
[Result "0-1"]
[WhiteElo "2173"]
[BlackElo "2273"]
[PlyCount "77"]
[EventDate "2013.05.06"]
[WhiteTeam "Wessex"]
[BlackTeam "Bristol 1"]

1. d4 g6 2. Nf3 Nf6 3. c4 Bg7 4. Nc3 d5 5. Bg5 Ne4 6. Bh4 Nxc3 7. bxc3 dxc4 8.
Qa4+ Qd7 9. Qxc4 b6 10. e3 Ba6 11. Qb3 Bxf1 12. Kxf1 O-O 13. Ke2 Nc6 14. Rhd1
Na5 15. Qb4 c5 16. dxc5 Qc7 17. Bg3 Qxc5 18. Qxc5 bxc5 19. Rdc1 Nc4 20. Rab1 e5
21. Rb5 Rfc8 22. Nd2 a6 23. Rb7 Na5 24. Rb6 Kf8 25. c4 Ke7 26. Rc3 Kd7 27. Ra3
Kc7 28. Rb1 Nc6 29. Ne4 Bf8 30. Nc3 Rcb8 31. Nd5+ Kd6 32. Rd1 Rb2+ 33. Ke1 Ra7
34. Nb4+ Kc7 35. Nd3 Rc2 36. Nxe5 Nxe5 37. Bxe5+ Kc6 38. Rd8 Be7 39. Rb8 {
White overstepped the time limit} 0-1

[Event "4NCL Division 2c"]
[Site "Puma Hotel, Hinckley Island EN"]
[Date "2013.05.06"]
[Round "11.43"]
[White "Collier, David O"]
[Black "Rutter, Nick J"]
[Result "0-1"]
[WhiteElo "2075"]
[BlackElo "2193"]
[PlyCount "38"]
[EventDate "2013.05.06"]
[WhiteTeam "Bristol 1"]
[BlackTeam "Wessex"]

1. d4 d5 2. c4 c6 3. Nf3 Nf6 4. e3 Bf5 5. Nc3 e6 6. b3 Bb4 7. Bd2 O-O 8. Be2 h6
9. a3 Bd6 10. O-O Nbd7 11. Na4 Qe7 12. Qe1 Bc2 13. Bd1 Bd3 14. Be2 Bxe2 15.
Qxe2 e5 16. dxe5 Nxe5 17. Bc3 Nxf3+ 18. Qxf3 Ne4 19. cxd5 b5 0-1

[Event "4NCL Division 2c"]
[Site "Puma Hotel, Hinckley Island EN"]
[Date "2013.05.06"]
[Round "11.45"]
[White "Dilleigh, Stephen P"]
[Black "Pleasants, Allan J"]
[Result "1/2-1/2"]
[WhiteElo "2112"]
[BlackElo "2030"]
[PlyCount "29"]
[EventDate "2013.05.06"]
[WhiteTeam "Bristol 1"]
[BlackTeam "Wessex"]

1. d4 Nf6 2. c4 c5 3. d5 b5 4. cxb5 a6 5. bxa6 g6 6. Nc3 Bxa6 7. e4 Bxf1 8.
Kxf1 d6 9. g3 Bg7 10. Kg2 Nbd7 11. Nf3 O-O 12. Re1 Qb6 13. h3 Rfb8 14. Re2 Qa6
15. Qc2 1/2-1/2

[Event "4NCL Division 2c"]
[Site "Puma Hotel, Hinckley Island EN"]
[Date "2013.05.06"]
[Round "11.47"]
[White "Humphreys, Jerry"]
[Black "de Coverly, Roger D"]
[Result "1/2-1/2"]
[WhiteElo "2060"]
[BlackElo "2019"]
[PlyCount "46"]
[EventDate "2013.05.06"]
[WhiteTeam "Bristol 1"]
[BlackTeam "Wessex"]

1. c4 Nf6 2. g3 c5 3. Bg2 e6 4. Nf3 Be7 5. Nc3 O-O 6. O-O a6 7. d4 cxd4 8. Nxd4
d6 9. b3 Qc7 10. Bb2 Nc6 11. Rc1 Bd7 12. Nd5 exd5 13. cxd5 Nxd5 14. Bxd5 Qb6
15. Nxc6 bxc6 16. Bg2 Rac8 17. Qd2 Rfe8 18. Rfd1 d5 19. e3 Bg4 20. Re1 Bb4 21.
Bc3 Ba3 22. Bb2 Bb4 23. Bc3 Ba3 1/2-1/2

[Event "4NCL Division 2c"]
[Site "Puma Hotel, Hinckley Island EN"]
[Date "2013.05.06"]
[Round "11.48"]
[White "Reid, Vaness"]
[Black "Wang, Alyssa"]
[Result "1-0"]
[WhiteElo "1844"]
[BlackElo "1558"]
[PlyCount "69"]
[EventDate "2013.05.06"]
[WhiteTeam "Wessex"]
[BlackTeam "Bristol 1"]

1. d4 d5 2. c4 e6 3. Nc3 Nf6 4. Bg5 Be7 5. e3 O-O 6. Nf3 h6 7. Bh4 b6 8. cxd5
exd5 9. Qb3 Bb7 10. Be2 Nbd7 11. O-O c5 12. Rfd1 cxd4 13. exd4 Re8 14. Bb5 a6
15. Bxd7 Qxd7 16. Qxb6 Rab8 17. Bg3 Bd8 18. Qb3 Bc7 19. Bxc7 Qxc7 20. Rac1 Ba8
21. Qc2 Qb7 22. Rb1 Rec8 23. Qd3 Ne4 24. Nd2 Nd6 25. Qg3 Nc4 26. Nb3 Qb4 27.
Ne2 a5 28. Nf4 a4 29. Nc5 Nd2 30. Nh5 g6 31. Nf6+ Kh8 32. Qe3 Kg7 33. Rxd2 Rb6
34. Nfd7 Rbc6 35. Rdd1 1-0